|
|
|
|
| LEADER |
00000nam a2200000Ii 4500 |
| 001 |
DIGARCOL0386 |
| 003 |
NyNyDIG |
| 006 |
m o d |
| 007 |
cr ||||||||||| |
| 008 |
250204s2024 sp ob 000 0 spa d |
| 035 |
|
|
|a (OCoLC)1500526909
|
| 040 |
|
|
|a DGITA
|b eng
|e rda
|e pn
|c DGITA
|
| 020 |
|
|
|z 9788471339515
|
| 050 |
1 |
4 |
|a LB1630 ebook
|
| 100 |
1 |
|
|a Santos Gargallo, Isabel,
|e author.
|
| 245 |
1 |
0 |
|a Didáctica de la corrección de los errores en el aula de ELE /
|c Isabel Santos Gargallo.
|
| 264 |
|
1 |
|a Madrid :
|b Arco Libros, S. L.,
|c [2024]
|
| 300 |
|
|
|a 1 online resource.
|
| 336 |
|
|
|a text
|b txt
|2 rdacontent
|
| 337 |
|
|
|a computer
|b c
|2 rdamedia
|
| 338 |
|
|
|a online resource
|b cr
|2 rdacarrier
|
| 347 |
|
|
|a text file
|2 rdaft
|
| 347 |
|
|
|b PDF
|
| 490 |
1 |
|
|a Cuadernos de didáctica del español/LE
|
| 504 |
|
|
|a Includes bibliographical references.
|
| 588 |
0 |
|
|a Online resource; title from PDF title page (Digitalia, viewed February 4, 2025)
|
| 650 |
|
0 |
|a Language arts.
|
| 650 |
|
0 |
|a Spanish language
|x Study and teaching.
|
| 650 |
|
0 |
|a Communication.
|
| 791 |
2 |
|
|a Digitalia (Firm),
|e distributor.
|
| 793 |
0 |
|
|g Digitalia eBook Collection:
|a Arco/Libros
|
| 776 |
0 |
8 |
|i Print version:
|a Santos Gargallo, Isabel.
|t Didáctica de la corrección de los errores en el aula de ELE.
|d Madrid : Arco Libros, S. L., [2024]
|z 9788471339515
|
| 830 |
|
0 |
|a Cuadernos de didáctica del español/LE.
|
| 856 |
4 |
0 |
|3 Digitalia Hispánica
|u https://www.digitaliapublishing.com/a/170536/
|
| 910 |
|
|
|a Premium collection: 2025
|